[Event "Martin Christoffel mem Gold corr"]
[Site "Switzerland"]
[Date "2003.11.11"]
[Round "?"]
[White "Maliangkay, Rudolf J"]
[Black "Knobel, Rolf"]
[Result "0-1"]
[WhiteElo "2596"]
[BlackElo "2567"]
[PlyCount "72"]
[EventDate "2002.06.01"]
[EventType "tourn (corr)"]
[EventRounds "8"]
[EventCountry "SUI"]
[SourceTitle "Corr 2006"]
[Source "ChessBase"]
[SourceDate "2006.04.01"]
[SourceVersion "3"]
[SourceVersionDate "2006.04.01"]
[SourceQuality "1"]

1. e4 c5 2. Nf3 Nc6 3. d4 cxd4 4. Nxd4 e6 5. Nc3 Qc7 6. g3 a6 7. Bg2 Nf6 8. 0-0 Nxd4 9. Qxd4 Bc5 10. Bf4 d6 11. Qd2 h6 12. Rad1 e5 13. Be3 Be6 14. Bxc5 dxc5 15. f4 0-0 16. f5 Bc4 17. Rfe1 b5 18. Qd6 Qxd6 19. Rxd6 Rfd8 20. Red1 Rxd6 21. Rxd6 b4 22. Nd5 Bxa2 23. Nxf6+ gxf6 24. Rc6 Bb1 25. Rxc5 Rd8 26. Bf1 b3 27. cxb3 Bxe4 28. Bxa6 Bxf5 29. Rc6 Kg7 30. b4 Rd1+ 31. Kf2 Rd2+ 32. Ke3 Rxb2 33. b5 Rxh2 34. b6 Rg2 35. Kf3 Rb2 36. Bc4 Rb4 0-1

[Event "Frantisek Batik mem corr"]
[Site "Czechia"]
[Date "2003.10.15"]
[Round "?"]
[White "Maliangkay, Rudolf J"]
[Black "Neumann, Joachim"]
[Result "0-1"]
[WhiteElo "2581"]
[BlackElo "2667"]
[PlyCount "96"]
[EventDate "2003.12.26"]
[EventType "tourn (corr)"]
[EventRounds "14"]
[EventCountry "CZE"]
[SourceTitle "Corr 2006"]
[Source "ChessBase"]
[SourceDate "2006.04.01"]
[SourceVersion "3"]
[SourceVersionDate "2006.04.01"]
[SourceQuality "1"]

1. e4 c5 2. Nf3 Nc6 3. d4 cxd4 4. Nxd4 Nf6 5. Nc3 e5 6. Ndb5 d6 7. Bg5 a6 8. Na3 b5 9. Bxf6 gxf6 10. Nd5 Bg7 11. Bd3 Ne7 12. Nxe7 Qxe7 13. c4 f5 14. 0-0 0-0 15. Qh5 Rb8 16. exf5 e4 17. Rae1 Bb7 18. cxb5 d5 19. Re3 axb5 20. Rh3 h6 21. Bxb5 Bc8 22. Rd1 Rd8 23. Rb3 Qf6 24. Bc4 Rxb3 25. Bxb3 d4 26. Nb5 d3 27. Nc3 Qxf5 28. Qh4 Rd4 29. Qe7 Bf8 30. Qa7 Bc5 31. Qc7 Kg7 32. Qg3+ Kf8 33. Qc7 Bd6 34. Qc6 Bd7 35. Qb7 Kg7 36. a3 d2 37. g3 Bc5 38. Rf1 Rd3 39. Qxe4 Qxe4 40. Nxe4 Rxb3 41. Nxc5 Rxb2 42. Ne4 Bc6 43. Nxd2 Rxd2 44. Ra1 Ba4 45. Kg2 Rd3 46. Ra2 Kg6 47. f3 Bc6 48. Kf2 Kg5 0-1

[Event "Frantisek Batik mem corr"]
[Site "Czechia"]
[Date "2003.10.15"]
[Round "?"]
[White "Maliangkay, Rudolf J"]
[Black "Voyna, Alexandr V"]
[Result "1-0"]
[WhiteElo "2581"]
[BlackElo "2618"]
[PlyCount "93"]
[EventDate "2003.12.26"]
[EventType "tourn (corr)"]
[EventRounds "14"]
[EventCountry "CZE"]
[SourceTitle "Corr 2006"]
[Source "ChessBase"]
[SourceDate "2006.04.01"]
[SourceVersion "3"]
[SourceVersionDate "2006.04.01"]
[SourceQuality "1"]

1. e4 c5 2. Nf3 e6 3. d4 cxd4 4. Nxd4 a6 5. Nc3 Qc7 6. Be2 Nf6 7. 0-0 Nc6 8. Be3 Be7 9. f4 d6 10. Kh1 0-0 11. a4 Re8 12. Bf3 Bf8 13. Nb3 b6 14. a5 Nd7 15. axb6 Nxb6 16. Qe2 Rb8 17. Rfd1 Nb4 18. Na5 Rd8 19. Qf2 Be7 20. h3 Bd7 21. Bd4 e5 22. Be3 exf4 23. Bxf4 Be6 24. Nd5 N6xd5 25. exd5 Bf5 26. c3 Nd3 27. Qe3 Nxb2 28. Nc6 Nxd1 29. Qxe7 Rd7 30. Qg5 Rb1 31. Rxb1 Nf2+ 32. Kg1 Nxh3+ 33. gxh3 Bxb1 34. Qg3 Qb6+ 35. Kh1 Bd3 36. Bxd6 Qb1+ 37. Kh2 Qc2+ 38. Bg2 Be4 39. Bc5 h6 40. Qf2 Qxf2 41. Bxf2 Bxg2 42. Kxg2 a5 43. c4 a4 44. c5 a3 45. Nb4 Rb7 46. d6 Kh7 47. Be1 1-0

[Event "Frantisek Batik mem corr"]
[Site "Czechia"]
[Date "2003.10.15"]
[Round "?"]
[White "Marczell, Peter"]
[Black "Maliangkay, Rudolf J"]
[Result "1-0"]
[WhiteElo "2596"]
[BlackElo "2581"]
[PlyCount "91"]
[EventDate "2003.12.26"]
[EventType "tourn (corr)"]
[EventRounds "14"]
[EventCountry "CZE"]
[SourceTitle "Corr 2006"]
[Source "ChessBase"]
[SourceDate "2006.04.01"]
[SourceVersion "3"]
[SourceVersionDate "2006.04.01"]
[SourceQuality "1"]

1. e4 c5 2. Nf3 Nc6 3. d4 cxd4 4. Nxd4 Nf6 5. Nc3 d6 6. Bg5 e6 7. Qd2 Be7 8. 0-0-0 0-0 9. f4 Nxd4 10. Qxd4 a6 11. Be2 Qa5 12. e5 dxe5 13. fxe5 Nd5 14. Bxe7 Nxe7 15. Bd3 Nd5 16. Nxd5 exd5 17. Kb1 Be6 18. g4 Rac8 19. g5 Qc5 20. c3 Qxd4 21. cxd4 Bg4 22. Rc1 Rxc1+ 23. Rxc1 Rc8 24. Rxc8+ Bxc8 25. Kc2 Bd7 26. Kc3 a5 27. b4 b6 28. Be2 Kf8 29. Bf3 Bc6 30. b5 Bxb5 31. Bxd5 Ke7 32. Bc4 Ba4 33. h4 b5 34. Bd3 Ke6 35. a3 h6 36. Bb1 Bd1 37. Ba2+ Ke7 38. d5 Bh5 39. d6+ Kd7 40. Bb1 Bg6 41. Bd3 Kc6 42. Kd4 hxg5 43. hxg5 b4 44. axb4 axb4 45. Bc4 f6 46. gxf6 1-0

[Event "Martin Christoffel mem Gold corr"]
[Site "Switzerland"]
[Date "2003.08.26"]
[Round "?"]
[White "Vesely, Pavol"]
[Black "Maliangkay, Rudolf J"]
[Result "0-1"]
[WhiteElo "2557"]
[BlackElo "2596"]
[PlyCount "110"]
[EventDate "2002.06.01"]
[EventType "tourn (corr)"]
[EventRounds "8"]
[EventCountry "SUI"]
[SourceTitle "Corr 2006"]
[Source "ChessBase"]
[SourceDate "2006.04.01"]
[SourceVersion "3"]
[SourceVersionDate "2006.04.01"]
[SourceQuality "1"]

1. e4 c5 2. c3 Nf6 3. e5 Nd5 4. d4 cxd4 5. Nf3 e6 6. cxd4 b6 7. Bd3 Bb4+ 8. Bd2 Bxd2+ 9. Nbxd2 Ba6 10. Nc4 0-0 11. Nd6 Bxd3 12. Qxd3 Nc6 13. 0-0 f6 14. Rfd1 Qe7 15. Qe2 Kh8 16. Rac1 Rg8 17. a3 Raf8 18. Nc4 Qf7 19. b4 Qh5 20. Rd2 f5 21. b5 Nce7 22. Ne1 Qh4 23. Nd6 g5 24. Nd3 g4 25. g3 Qg5 26. Nb4 h5 27. Nxd5 Nxd5 28. Rcc2 h4 29. Rd3 hxg3 30. fxg3 f4 31. Qe1 Qg6 32. Rcd2 f3 33. Qf2 Rg7 34. Rb3 Rh7 35. Qe1 Rh3 36. Rbb2 Kg7 37. Rbc2 Rfh8 38. Rc8 Rxc8 39. Nxc8 Nc3 40. Nd6 Rh8 41. h4 Ne2+ 42. Kf2 Qh6 43. Ne4 Rc8 44. Rxe2 fxe2 45. Qxe2 Qg6 46. Ke3 Rc1 47. Kd2 Ra1 48. Qe3 Qf5 49. Kc2 Rf1 50. a4 Rf3 51. Qe1 Ra3 52. Kb2 Rxa4 53. Qe3 Rb4+ 54. Ka3 Rxb5 55. Nc3 Ra5+ 0-1

[Event "Korning mem corr"]
[Site "Denmark"]
[Date "1998.03.01"]
[Round "?"]
[White "Oosterom, Joop Van"]
[Black "Maliangkay, Rudolf J"]
[Result "1-0"]
[WhiteElo "2684"]
[BlackElo "2612"]
[PlyCount "83"]
[EventDate "1998.??.??"]
[EventType "tourn (corr)"]
[EventRounds "14"]
[EventCountry "DEN"]
[EventCategory "11"]
[SourceTitle "Corr 2024"]
[Source "ChessBase"]
[SourceDate "2023.10.19"]
[SourceVersion "1"]
[SourceVersionDate "2023.10.19"]
[SourceQuality "1"]

1. Nf3 Nf6 2. c4 g6 3. Nc3 Bg7 4. e4 d6 5. d4 0-0 6. Be2 e5 7. 0-0 Nc6 8. d5 Ne7 9. b4 Nh5 10. Re1 a5 11. bxa5 Rxa5 12. a4 f5 13. Nd2 Nf6 14. Ba3 Nxe4 15. Ncxe4 fxe4 16. Nxe4 b6 17. Bb4 Ra7 18. Bd3 Nf5 19. a5 bxa5 20. Rxa5 Rxa5 21. Bxa5 Qd7 22. Bb4 Bb7 23. Ng5 Nd4 24. Bc3 Bh6 25. Ne4 Qd8 26. Qa1 Bg7 27. Qa7 Qa8 28. Ra1 Re8 29. h4 h6 30. Nd2 Kf7 31. c5 e4 32. Nxe4 Rxe4 33. Bxe4 Ne2+ 34. Kf1 Nxc3 35. c6 Qxa7 36. Rxa7 Ba6+ 37. Rxa6 Nxe4 38. Ra7 Bc3 39. Rxc7+ Ke8 40. Rc8+ Ke7 41. Ra8 Nd2+ 42. Ke2 1-0

[Event "Korning mem corr"]
[Site "Denmark"]
[Date "1998.??.??"]
[Round "?"]
[White "Hector, Jonny"]
[Black "Maliangkay, Rudolf J"]
[Result "1-0"]
[WhiteElo "2559"]
[BlackElo "2612"]
[PlyCount "87"]
[EventDate "1998.??.??"]
[EventType "tourn (corr)"]
[EventRounds "14"]
[EventCountry "DEN"]
[EventCategory "11"]
[SourceTitle "Corr 2002"]
[Source "ChessBase"]
[SourceDate "2002.05.23"]
[SourceVersion "1"]
[SourceVersionDate "2002.05.23"]
[SourceQuality "1"]

1. e4 c5 2. Nf3 d6 3. d4 cxd4 4. Nxd4 Nf6 5. Nc3 a6 6. Bg5 e6 7. f4 Nbd7 8. Qf3 Qc7 9. 0-0-0 Be7 10. g4 b5 11. Bxf6 Nxf6 12. g5 Nd7 13. f5 Nc5 14. f6 gxf6 15. gxf6 Bf8 16. Rg1 h5 17. a3 Rb8 18. e5 Bb7 19. Qg3 dxe5 20. Ncxb5 Qb6 21. Qxe5 Rc8 22. Rg5 Ne4 23. Rg7 Bd5 24. Re1 Rh6 25. Rg8 Kd7 26. c4 Bxc4 27. Rxf8 Rxf8 28. Rxe4 Rc8 29. Nc3 Qc7 30. Qg5 Rg6 31. Qd2 Qd6 32. Bxc4 Rg1+ 33. Kc2 Rxc4 34. Nf3 Qxd2+ 35. Kxd2 Rxe4 36. Nxe4 Rg2+ 37. Ke3 e5 38. Nxe5+ Ke6 39. Nf3 Rxb2 40. Nfg5+ Kf5 41. Nxf7 Rb3+ 42. Kd4 Rxa3 43. Ne5 Ra4+ 44. Kc5 1-0

[Event "Korning mem corr"]
[Site "Denmark"]
[Date "1998.??.??"]
[Round "?"]
[White "Maliangkay, Rudolf J"]
[Black "Hyldkrog, Lars"]
[Result "1-0"]
[WhiteElo "2612"]
[BlackElo "2502"]
[PlyCount "75"]
[EventDate "1998.??.??"]
[EventType "tourn (corr)"]
[EventRounds "14"]
[EventCountry "DEN"]
[EventCategory "11"]
[SourceTitle "Corr 2002"]
[Source "ChessBase"]
[SourceDate "2002.05.23"]
[SourceVersion "1"]
[SourceVersionDate "2002.05.23"]
[SourceQuality "1"]

1. e4 e6 2. d4 d5 3. Nc3 Bb4 4. e5 c5 5. a3 Bxc3+ 6. bxc3 Ne7 7. Qg4 cxd4 8. Qxg7 Rg8 9. Qxh7 Qc7 10. Ne2 Nbc6 11. f4 Bd7 12. Qd3 dxc3 13. h3 0-0-0 14. Rb1 d4 15. g4 Nxe5 16. fxe5 Bc6 17. Rg1 Ng6 18. Qg3 d3 19. cxd3 c2 20. Rb3 Qa5+ 21. Rc3 Nxe5 22. d4 Ng6 23. Bg2 Ne7 24. Bd2 Qa4 25. Rf1 Nf5 26. Qe5 Nd6 27. Bf4 Rd7 28. Kf2 f5 29. Rc1 fxg4 30. R3xc2 Qxa3 31. Rxc6+ bxc6 32. Rxc6+ Kb8 33. Qb5+ Rb7 34. Rxd6 g3+ 35. Ke1 Qa1+ 36. Kd2 Qa2+ 37. Kd1 Qa1+ 38. Nc1 1-0

[Event "Korning mem corr"]
[Site "Denmark"]
[Date "1998.??.??"]
[Round "?"]
[White "Maliangkay, Rudolf J"]
[Black "Knobel, Rolf"]
[Result "1/2-1/2"]
[WhiteElo "2612"]
[BlackElo "2571"]
[PlyCount "62"]
[EventDate "1998.??.??"]
[EventType "tourn (corr)"]
[EventRounds "14"]
[EventCountry "DEN"]
[EventCategory "11"]
[SourceTitle "Corr 2002"]
[Source "ChessBase"]
[SourceDate "2002.05.23"]
[SourceVersion "1"]
[SourceVersionDate "2002.05.23"]
[SourceQuality "1"]

1. e4 c5 2. Nf3 Nc6 3. d4 cxd4 4. Nxd4 Nf6 5. Nc3 d6 6. Bg5 e6 7. Qd2 Be7 8. 0-0-0 Nxd4 9. Qxd4 a6 10. Bc4 b5 11. Bb3 Qc7 12. f4 Qc5 13. Bxf6 gxf6 14. Qd3 Bd7 15. Rhe1 b4 16. Ne2 Bb5 17. Qd4 a5 18. Qxc5 dxc5 19. c4 Bc6 20. Bc2 h5 21. g3 h4 22. g4 h3 23. Rg1 Rh4 24. Kd2 0-0-0+ 25. Ke3 Rg8 26. Kf3 Kc7 27. Rg3 Bd6 28. Rdg1 e5 29. f5 Bf8 30. Rd1 Bh6 31. Rgg1 Bg5 1/2-1/2

[Event "Korning mem corr"]
[Site "Denmark"]
[Date "1998.??.??"]
[Round "?"]
[White "Maliangkay, Rudolf J"]
[Black "Plomp, Michiel Pieter"]
[Result "1/2-1/2"]
[WhiteElo "2612"]
[BlackElo "2488"]
[PlyCount "57"]
[EventDate "1998.??.??"]
[EventType "tourn (corr)"]
[EventRounds "14"]
[EventCountry "DEN"]
[EventCategory "11"]
[SourceTitle "Corr 2002"]
[Source "ChessBase"]
[SourceDate "2002.05.23"]
[SourceVersion "1"]
[SourceVersionDate "2002.05.23"]
[SourceQuality "1"]

1. e4 e5 2. Nf3 Nc6 3. d4 exd4 4. Nxd4 Bc5 5. Be3 Qf6 6. c3 Nge7 7. Bc4 Ne5 8. Be2 Qg6 9. 0-0 d6 10. f3 0-0 11. Nd2 d5 12. Kh1 dxe4 13. fxe4 Bg4 14. Bf4 Bxe2 15. Qxe2 Bd6 16. Nb5 N7c6 17. Nxd6 cxd6 18. Rad1 Rfe8 19. b3 a6 20. Nf3 Ng4 21. Rxd6 Qxe4 22. Qd2 Qe2 23. Kg1 Qxd2 24. Rxd2 Nf6 25. Rfd1 Ne4 26. Rd3 Rad8 27. Rxd8 Rxd8 28. Rxd8+ Nxd8 29. Bd2 1/2-1/2